Теоретическая механика 1 (СО): электронный курс
| 1. Verfasser: | |
|---|---|
| Körperschaft: | |
| Zusammenfassung: | Заглавие с экрана В курсе «Теоретическая механика 1» рассматриваются законы и методы механики, как естественной науки о природе. «Теоретическая механика 1» относится к циклу общенаучных дисциплин и служит научной основой для освоения общетехнических и специальных инженерных дисциплин. «Теоретическая механика 1» включает два раздела (модуля): «Статика» и «Кинематика». Особое внимание уделяется формированию научного мировоззрения, в результате изучения и объяснения явлений, происходящих в природе и в технике. Знания, полученные в курсе «Теоретическая механика 1», помогут при изучении общеинженерных и специальных дисциплин, станут основой развития научно-технического мышления современного инженера. Целью изучения дисциплины является формирование системного инженерного мышления и мировоззрения в области создания, использования и эксплуатации механизмов и сооружений на основе знания современных методов расчета, конструирования и проектирования, включая автоматизированное. Доступ по логину и паролю |
| Sprache: | Russisch |
| Veröffentlicht: |
Томск, TPU Moodle, 2015
|
| Schlagworte: | |
| Online-Zugang: | https://design.lms.tpu.ru/course/view.php?id=1321 |
| Format: | MixedMaterials Elektronisch Buch |
| KOHA link: | https://koha.lib.tpu.ru/cgi-bin/koha/opac-detail.pl?biblionumber=665571 |
MARC
| LEADER | 00000nlm0a2200000 4500 | ||
|---|---|---|---|
| 001 | 665571 | ||
| 005 | 20240119135612.0 | ||
| 035 | |a (RuTPU)RU\TPU\network\36770 | ||
| 035 | |a RU\TPU\network\36579 | ||
| 090 | |a 665571 | ||
| 100 | |a 20211019d2015 m y0rusy50 ca | ||
| 101 | 0 | |a rus | |
| 102 | |a RU | ||
| 105 | |a a j 000zy | ||
| 135 | |a jrcn ---uucaa | ||
| 181 | 0 | |a i | |
| 182 | 0 | |a b | |
| 200 | 1 | |a Теоретическая механика 1 (СО) |e электронный курс |f А. К. Томилин |g Национальный исследовательский Томский политехнический университет, Институт физики высоких технологий, Кафедра теоретической и прикладной механики | |
| 203 | |a Текст |c электронный | ||
| 210 | |a Томск |c TPU Moodle |d 2015 | ||
| 300 | |a Заглавие с экрана | ||
| 330 | |a В курсе «Теоретическая механика 1» рассматриваются законы и методы механики, как естественной науки о природе. «Теоретическая механика 1» относится к циклу общенаучных дисциплин и служит научной основой для освоения общетехнических и специальных инженерных дисциплин. «Теоретическая механика 1» включает два раздела (модуля): «Статика» и «Кинематика». Особое внимание уделяется формированию научного мировоззрения, в результате изучения и объяснения явлений, происходящих в природе и в технике. Знания, полученные в курсе «Теоретическая механика 1», помогут при изучении общеинженерных и специальных дисциплин, станут основой развития научно-технического мышления современного инженера. Целью изучения дисциплины является формирование системного инженерного мышления и мировоззрения в области создания, использования и эксплуатации механизмов и сооружений на основе знания современных методов расчета, конструирования и проектирования, включая автоматизированное. | ||
| 333 | |a Доступ по логину и паролю | ||
| 606 | 1 | |a Механика теоретическая |2 stltpush |3 (RuTPU)RU\TPU\subj\59441 |9 76991 | |
| 610 | 1 | |a электронный ресурс | |
| 610 | 1 | |a труды учёных ТПУ | |
| 610 | 1 | |a учебные пособия | |
| 610 | 1 | |a электронные курсы ТПУ | |
| 610 | 1 | |a электронные учебные пособия | |
| 610 | 1 | |a дистанционное образование | |
| 610 | 1 | |a дистанционное обучение | |
| 610 | 1 | |a статика | |
| 610 | 1 | |a кинематика | |
| 610 | 1 | |a уравнения равновесия | |
| 610 | 1 | |a твердые тела | |
| 610 | 1 | |a законы движения | |
| 686 | |a 531(075.8) |2 rubbk | ||
| 700 | 1 | |a Томилин |b А. К. |c физик, механик |c профессор Томского политехнического университета, доктор физико-математических наук |f 1955- |g Александр Константинович |3 (RuTPU)RU\TPU\pers\31233 |9 15428 | |
| 712 | 0 | 2 | |a Национальный исследовательский Томский политехнический университет |b Институт физики высоких технологий |b Кафедра теоретической и прикладной механики |3 (RuTPU)RU\TPU\col\18695 |
| 801 | 2 | |a RU |b 63413507 |c 20220414 |g RCR | |
| 856 | 4 | |u https://design.lms.tpu.ru/course/view.php?id=1321 | |
| 942 | |c CF | ||